| 000 | 00768nam a2200217 a 4500 | ||
|---|---|---|---|
| 001 | 68950 | ||
| 003 | BD-RjUL | ||
| 005 | 20211209081831.0 | ||
| 008 | 170408s1976 bg ||||| |||| 00| 0 ben d | ||
| 035 | _a(BD-RjUL)69161 | ||
| 040 |
_aBD-RjUL _bben _cBD-RjUL |
||
| 041 | _aben | ||
| 082 |
_223 _a500 _bCHM 1976 |
||
| 100 |
_aচক্রবর্তী, তপন _9166125 |
||
| 245 | 1 | 0 |
_aমানুষের জন্য বিজ্ঞান / _cতপন চক্রবর্তী |
| 260 |
_aঢাকা : _bমুক্তধারা, _c১৯৭৬ |
||
| 300 |
_a১০৯ পৃ. ; _c২১ সেমি. |
||
| 650 |
_aবিজ্ঞান _9166126 _xসামাজিক দিক |
||
| 650 |
_aScience _9166127 _xSocial aspects |
||
| 942 |
_2ddc _cBK |
||
| 999 |
_c68950 _d68950 |
||